header

Fundamentals of Islamic money and capital markets (Record no. 69979)

MARC details
000 -LEADER
fixed length control field 01592nam a2200409 a 4500
082 04 - DEWEY DECIMAL CLASSIFICATION NUMBER
Classification number 332.491767
100 1# - MAIN ENTRY--AUTHOR NAME
Personal name Omar, Mohd Azmi.
245 10 - TITLE STATEMENT
Title Fundamentals of Islamic money and capital markets
260 ## - PUBLICATION, DISTRIBUTION, ETC. (IMPRINT)
Place of publication Singapore :
Name of publisher Wiley,
Year of publication 2013.
300 ## - PHYSICAL DESCRIPTION
Number of Pages xiv, 240 p. :
Other physical details col. ill.
500 ## - GENERAL NOTE
General note On cover: Islamic finance.
650 #0 - SUBJECT ADDED ENTRY--TOPICAL TERM
Topical Term Money
Topical Term Money
Topical Term Capital market
Topical Term Capital market (Islamic law)
Topical Term Banks and banking
Topical Term Banks and banking
700 1# - ADDED ENTRY--PERSONAL NAME
Personal name Abduh, Muhamad.
Personal name Sukmana, Raditya.
856 40 - ELECTRONIC LOCATION AND ACCESS
Uniform Resource Identifier http://site.ebrary.com/lib/rucke/Doc?id=10662614

No items available.

© 2026 Rongo University
Contact us: librarian | system librarian | Rongo university